Normal view
MARC view
- Bhattacharjee, Satyapriya:Jenkins, Brian
Entry Personal Name
001 - CONTROL NUMBER
- control field: 73746
003 - CONTROL NUMBER IDENTIFIER
- control field: NUST
005 - DATE AND TIME OF LATEST TRANSACTION
- control field: 20210628205056.0
008 - FIXED-LENGTH DATA ELEMENTS
- fixed length control field: 210628|| aca||aabn | a|a d
040 ## - CATALOGING SOURCE
- Original cataloging agency: NUST
- Transcribing agency: NUST
100 ## - HEADING--PERSONAL NAME
- Personal name: Bhattacharjee, Satyapriya:Jenkins, Brian
670 ## - SOURCE DATA FOUND
- Source citation: Work cat.: (NUST): Bhattacharjee, Satyapriya:Jenkins, Brian, Computer networking;the practice portfolio of latest questions, 2001
